000 00721nam a22002057a 4500
999 _c3062
_d3062
003 AR-CdUCM
008 190305b ||||| |||| 00| 0 spa d
040 _aMUNICIPALIDAD PROVINCIAL DEL CUSCO
_cBIBLIOTECA MUNICIPAL DEL CUSCO
082 _a808.7 /
_bH93
245 _aHumorismo Internacional /
260 _aBarcelona :
_bEditorial B. Bauzá,
_c1931.
300 _a268 Páginas ;
_c18 cm.
505 _aContenido: Un hombre original -- Los ladrones -- Las botas -- La lección bien aprendida -- Una mosca vulgar -- Natalia Dadidovna...
650 _aLiteratura Europea
_9894
650 _aLos Ladrones
_910396
650 _aHumor
_92515
650 _aLa gata pensadora
_910397
942 _2ddc
_cLIBROS
945 _adavv